Využitie metód diaľkového prieskumu Zeme na monitoring využívania poľnohospodárskych plôch v systéme priamych podpôr na Slovensku
Na minha lista:
| Autor principal: | |
|---|---|
| Outros Autores: | |
| Formato: | Manuscrito Livro |
| Idioma: | eslovaco |
| Publicado em: |
2020
|
| Assuntos: | |
| Acesso em linha: | http://is.stuba.sk/zp/portal_zp.pl?podrobnosti=152240 https://opac.crzp.sk/?fn=detailBiblioForm&sid=EAE7EF6B68A1C52648C41446D593 |
| Tags: |
Sem tags, seja o primeiro a adicionar uma tag!
|
MARC
| LEADER | 00000ntm a22000003a 4500 | ||
|---|---|---|---|
| 001 | stuzp79679 | ||
| 003 | SK-STU | ||
| 005 | 20230523103229.5 | ||
| 007 | ta | ||
| 008 | 150427s2015----xo-----f-mn---000-0-slo-d | ||
| 040 | |a STU |b slo | ||
| 041 | 0 | |a slo | |
| 100 | 1 | |a Šimek, Anton |u 010130 |4 aut |U SvF Stavebná fakulta |T SvF Katedra geodetických základov |X 81017 |U V130 |Y 13 |7 81017 | |
| 242 | 0 | 1 | |a Utilization of remote sensing methods for monitoring the use of agricultural land in the system of direct supports in Slovakia |y eng |
| 245 | 1 | 0 | |a Využitie metód diaľkového prieskumu Zeme na monitoring využívania poľnohospodárskych plôch v systéme priamych podpôr na Slovensku |
| 260 | |c 2020 | ||
| 650 | 4 | |a poľnohospodárska plocha |2 slo | |
| 650 | 4 | |a koherencia |2 slo | |
| 650 | 4 | |a diaľkový prieskum Zeme |2 slo | |
| 650 | 4 | |a Sentinel-1 |2 slo | |
| 650 | 4 | |a monitoring |2 slo | |
| 650 | 4 | |a remote sensing |2 eng | |
| 650 | 4 | |a Sentinel-1 |2 eng | |
| 650 | 4 | |a monitoring |2 eng | |
| 650 | 4 | |a agricultural land |2 eng | |
| 650 | 4 | |a coherence |2 eng | |
| 700 | 1 | |a Papčo, Juraj |u 010130 |k Z2 |4 ths |U SvF Stavebná fakulta |T SvF Katedra geodetických základov |X 714 |U V130 |Y 13 |7 A000000714 | |
| 856 | 4 | |u http://is.stuba.sk/zp/portal_zp.pl?podrobnosti=152240 | |
| 856 | 4 | |u https://opac.crzp.sk/?fn=detailBiblioForm&sid=EAE7EF6B68A1C52648C41446D593 | |